Score 0/24 Timer 03:00
3 Plays Today
Hint 3-Letter Word % Correct
Farm animalCOW
96.3%
UncookedRAW
96.2%
Tweedle-___DEE
95.7%
● Insect with a queen ●● BEE ●
94.9%
● Crow noise ●● CAW ●
94.9%
Used in golfTEE
94.8%
GambleBET
93.5%
Nocturnal mammalBAT
93.1%
Beverage that's steepedTEA
93%
'___! Humbug!'BAH
92.3%
Propel boatROW
91.3%
● Enemy ●● FOE ●
90.4%
Hint 3-Letter Word % Correct
___ Jones indexDOW
89.7%
Neptune's domainSEA
89.6%
Fish eggsROE
88.7%
ChargeFEE
88.3%
● Cloud locale ●● SKY ●
86.3%
UtterSAY
84.7%
● Yuletide mo. ●● DEC ●
84.6%
Dwarf leaderDOC
83.8%
Reggae precursorSKA
81.6%
● Spa sound ●● AAH ●
74.5%
Scottish riverTAY
63.5%
● Take a shot ●● TRY ●
60%

Today's Daily Dose

Remove Ads.
Support Sporcle.
Get the best of Sporcle when you Go Orange. This ad-free experience offers more features, more stats, and more fun while also helping to support Sporcle. Thank you for becoming a member.

You're not logged in!

Compare scores with friends on all Sporcle quizzes.
OR
Log In

Show Comments

Extras

Top Quizzes Today


Score Distribution

Your Account Isn't Verified!

In order to create a playlist on Sporcle, you need to verify the email address you used during registration. Go to your Sporcle Settings to finish the process.

Report this User

Report this user for behavior that violates our Community Guidelines.

Details: